Ο χορός στον 20ο αιώνα : σταθμοί και πρόσωπα
Αποθηκεύτηκε σε:
| Κύριος συγγραφέας: | |
|---|---|
| Μορφή: | Βιβλίο |
| Γλώσσα: | Greek |
| Δημοσίευση: |
Αθήνα :
Καστανιώτης,
c2004.
|
| Έκδοση: | 5η εκδ. |
| Θέματα: | |
| Ετικέτες: |
Προσθήκη ετικέτας
Δεν υπάρχουν, Καταχωρήστε ετικέτα πρώτοι!
|
MARC
| LEADER | 00000cam a2200000 a 4500 | ||
|---|---|---|---|
| 001 | 1/124862 | ||
| 008 | 220516s2004####gr o ||| |||| ||gre|| | ||
| 020 | |a 9789600337624 | ||
| 040 | |a GR-MyUa |b gre |c GR-MyUa |e AACR2 | ||
| 041 | 0 | |a gre | |
| 082 | 7 | |a 792.809 |2 (23) | |
| 100 | 1 | |a Μπαρμπούση, Βάσω. | |
| 245 | 1 | 2 | |a Ο χορός στον 20ο αιώνα : |b σταθμοί και πρόσωπα / |c Βάσω Μπαρμπούση. |
| 250 | |a 5η εκδ. | ||
| 260 | |a Αθήνα : |b Καστανιώτης, |c c2004. | ||
| 300 | |a 238 σ. : |b φωτ. ; |c 22 εκ. | ||
| 504 | |a Περιλαμβάνει βιβλιογραφικές παραπομπές και ευρετήριο. | ||
| 650 | 0 | |a Dance |x History. | |
| 650 | 0 | |a Modern dance |x History |y 20th century. | |
| 852 | |a INST |b LESVOS |c EUDOXUS |e 20220516 |h 792.809 ΜΠΑ |p 005100063522 |q 005100063522 |t EDX |y 0 | ||
| 920 | |a Εύδοξος |b Παραγγελία |y Λέσβος-ΤΠΤΕ |z 2022-05 | ||
| 970 | |a Καμάτσου |b Δέσποινα |z 16-05-2022 | ||